ბათუმის შოთა რუსთაველის სახელმწიფო უნივერსიტეტის ბიბლიოთეკა

მეხილეობის პრაქტიკუმი (ბიბ.ჩანაწერი № 44604)

000 -LEADER
fixed length control field 00798nam a2200229Ia 4500
001 - CONTROL NUMBER
control field 11407
003 - CONTROL NUMBER IDENTIFIER
control field GE_BSU
008 - FIXED-LENGTH DATA ELEMENTS--GENERAL INFORMATION
fixed length control field 181216s||||||||xx |||||||||||||| ||und||
040 ## - CATALOGING SOURCE
Transcribing agency GE_BSU
080 ## - UNIVERSAL DECIMAL CLASSIFICATION NUMBER
Universal Decimal Classification number 634(076.8)
100 ## - MAIN ENTRY--PERSONAL NAME
Personal name ვარძელაშვილი მ.
245 ## - TITLE STATEMENT
Title მეხილეობის პრაქტიკუმი
245 ## - TITLE STATEMENT
Remainder of title დამხმ. სახელმძღვ. სას-სამ. ინ-ტის სტუდენტებისთვის
245 ## - TITLE STATEMENT
Statement of responsibility, etc. რედ: ლ. მესხი,
260 ## - PUBLICATION, DISTRIBUTION, ETC.
Place of publication, distribution, etc. თბილისი.
260 ## - PUBLICATION, DISTRIBUTION, ETC.
Name of publisher, distributor, etc. განათლება.
260 ## - PUBLICATION, DISTRIBUTION, ETC.
Date of publication, distribution, etc. 1989
300 ## - PHYSICAL DESCRIPTION
Extent 212გვ.20სმ.
300 ## - PHYSICAL DESCRIPTION
Accompanying material ილ.ცხრ.
653 ## - INDEX TERM--UNCONTROLLED
Uncontrolled term მეხილეობის პრაქტიკუმი
942 ## - ADDED ENTRY ELEMENTS (KOHA)
Koha item type წიგნი
ეგზემპლარები
Withdrawn status Lost status Damaged status Not for loan Date acquired Barcode Date last seen Price effective from Koha item type
        2018-12-17 19950 2018-12-17 2018-12-17 წიგნი
        2018-12-17 19951 2018-12-17 2018-12-17 წიგნი
        2018-12-17 19952 2018-12-17 2018-12-17 წიგნი
        2018-12-17 19953 2018-12-17 2018-12-17 წიგნი
        2018-12-17 19954 2018-12-17 2018-12-17 წიგნი
        2018-12-17 19955 2018-12-17 2018-12-17 წიგნი
        2018-12-17 19956 2018-12-17 2018-12-17 წიგნი
        2018-12-17 19957 2018-12-17 2018-12-17 წიგნი
        2018-12-17 19958 2018-12-17 2018-12-17 წიგნი
        2018-12-17 19959 2018-12-17 2018-12-17 წიგნი
        2018-12-17 19960 2018-12-17 2018-12-17 წიგნი
        2018-12-17 19961 2018-12-17 2018-12-17 წიგნი
        2018-12-17 19962 2018-12-17 2018-12-17 წიგნი
        2018-12-17 19963 2018-12-17 2018-12-17 წიგნი
        2018-12-17 19964 2018-12-17 2018-12-17 წიგნი
        2018-12-17 19965 2018-12-17 2018-12-17 წიგნი
        2018-12-17 19966 2018-12-17 2018-12-17 წიგნი
        2018-12-17 19967 2018-12-17 2018-12-17 წიგნი
        2018-12-17 19968 2018-12-17 2018-12-17 წიგნი
        2018-12-17 19969 2018-12-17 2018-12-17 წიგნი
        2018-12-17 19970 2018-12-17 2018-12-17 წიგნი